000 00438nam a2200169Ia 4500
003 OSt
005 20260306095406.0
008 211028s2008 xx 000 0 und d
040 _cAIMIT LIBRARY
041 _aeng
100 _aShenoy B; Smitha; Pavithra.
_g50971290
_92889
110 _aPavithra.
_92890
245 _aBook housing executive /
260 _aMangalore
_c2008
710 _aSPM Infotech Pvt Ltd
_92891
942 _2ddc
_cPRO
999 _c217048
_d217048